<?xml version="1.0" encoding="UTF-8"?>
<record
    xmlns:xsi="http://www.w3.org/2001/XMLSchema-instance"
    xsi:schemaLocation="http://www.loc.gov/MARC21/slim http://www.loc.gov/standards/marcxml/schema/MARC21slim.xsd"
    xmlns="http://www.loc.gov/MARC21/slim">

  <leader>01113    a2200217   4500</leader>
  <controlfield tag="005">20080912101554.0</controlfield>
  <controlfield tag="008">080912t        xxu||||| |||| 00| 0 hin d</controlfield>
  <datafield tag="010" ind1=" " ind2=" ">
    <subfield code="a">HIN-80669</subfield>
  </datafield>
  <datafield tag="020" ind1=" " ind2=" ">
    <subfield code="a">8188577146</subfield>
    <subfield code="c">110.00</subfield>
  </datafield>
  <datafield tag="035" ind1=" " ind2=" ">
    <subfield code="a">HN-53015</subfield>
  </datafield>
  <datafield tag="037" ind1=" " ind2=" ">
    <subfield code="b">D.B.Act / pub</subfield>
  </datafield>
  <datafield tag="082" ind1=" " ind2=" ">
    <subfield code="a">822.08</subfield>
  </datafield>
  <datafield tag="100" ind1=" " ind2=" ">
    <subfield code="a">&#x91D;&#x93E;, &#x91C;&#x94D;&#x91E;&#x93E;&#x928;&#x924;&#x94B;&#x937;</subfield>
  </datafield>
  <datafield tag="245" ind1=" " ind2=" ">
    <subfield code="a">&#x928;&#x93E;&#x91F;&#x915;&#x915;&#x93E;&#x930; &#x92A;&#x94D;&#x930;&#x947;&#x92E;&#x91A;&#x902;&#x926;&#x903;&#x938;&#x902;&#x926;&#x930;&#x94D;&#x92D; '&#x915;&#x930;&#x94D;&#x92C;&#x932;&#x93E; '</subfield>
    <subfield code="c">&#x91C;&#x94D;&#x91E;&#x93E;&#x928;&#x924;&#x94B;&#x937; &#x91D;&#x93E;</subfield>
  </datafield>
  <datafield tag="246" ind1=" " ind2=" ">
    <subfield code="a">Natakakar Premchand</subfield>
    <subfield code="b">by Sandarbh 'Karbala'</subfield>
  </datafield>
  <datafield tag="260" ind1=" " ind2=" ">
    <subfield code="a">&#x926;&#x93F;&#x932;&#x94D;&#x932;&#x940;</subfield>
    <subfield code="b">&#x92A;&#x942;&#x930;&#x94D;&#x935;&#x93E; &#x92A;&#x94D;&#x930;&#x915;&#x93E;&#x936;&#x928;</subfield>
    <subfield code="c">2006</subfield>
  </datafield>
  <datafield tag="270" ind1=" " ind2=" ">
    <subfield code="a">x/3897,,&#x917;&#x932;&#x940; &#x928;. 13, &#x936;&#x93E;&#x928;&#x94D;&#x924;&#x93F; &#x92E;&#x94B;&#x939;&#x932;&#x94D;&#x932;&#x93E;,&#x917;&#x93E;&#x901;&#x927;&#x940; &#x928;&#x917;&#x930;</subfield>
    <subfield code="b">&#x926;&#x93F;&#x932;&#x94D;&#x932;&#x940;</subfield>
    <subfield code="e">110031</subfield>
  </datafield>
  <datafield tag="300" ind1=" " ind2=" ">
    <subfield code="a">96&#x92A;&#x943;</subfield>
    <subfield code="c">22 &#x938;&#x947;&#x92E;&#x940; (&#x938;&#x91C;&#x93F;&#x932;&#x94D;&#x926;)</subfield>
  </datafield>
  <datafield tag="942" ind1=" " ind2=" ">
    <subfield code="a">dpl</subfield>
    <subfield code="c">HN</subfield>
    <subfield code="k">822.08 / &#x91D;&#x93E;&#x91C;&#x94D;&#x91E;&#x93E;&#x928;</subfield>
    <subfield code="2">ddc</subfield>
    <subfield code="h">822.08</subfield>
    <subfield code="m"> &#x91D;&#x93E;&#x91C;&#x94D;&#x91E;&#x93E;&#x928;</subfield>
  </datafield>
  <datafield tag="999" ind1=" " ind2=" ">
    <subfield code="c">6795</subfield>
    <subfield code="d">6795</subfield>
  </datafield>
  <datafield tag="952" ind1=" " ind2=" ">
    <subfield code="0">0</subfield>
    <subfield code="1">0</subfield>
    <subfield code="4">0</subfield>
    <subfield code="7">0</subfield>
    <subfield code="a">DBAD</subfield>
    <subfield code="b">DBAD</subfield>
    <subfield code="d">2008-09-12</subfield>
    <subfield code="g">110.00</subfield>
    <subfield code="l">0</subfield>
    <subfield code="o">822.08  &#x91D;&#x93E;&#x91C;&#x94D;&#x91E;&#x93E;&#x928;</subfield>
    <subfield code="p">HN-53015</subfield>
    <subfield code="r">2008-09-15 00:00:00</subfield>
    <subfield code="t">1</subfield>
    <subfield code="u">7298</subfield>
    <subfield code="v">110.00</subfield>
    <subfield code="w">2008-09-15</subfield>
    <subfield code="y">HN</subfield>
  </datafield>
</record>
